Duty of care (Record no. 84257)
[ view plain ]
| 000 -LEADER | |
|---|---|
| fixed length control field | 01118cab a22002175a 4500 |
| 001 - CONTROL NUMBER | |
| control field | L157101 |
| 008 - FIXED-LENGTH DATA ELEMENTS--GENERAL INFORMATION | |
| fixed length control field | 120830e20120825xxk 000 0 eng d |
| 035 ## - SYSTEM CONTROL NUMBER | |
| System control number | (Sirsi) u157101 |
| 041 0# - LANGUAGE CODE | |
| Language code of text/sound track or separate title | eng |
| 100 1# - MAIN ENTRY--PERSONAL NAME | |
| Personal name | Wall, Sian |
| 245 00 - TITLE STATEMENT | |
| Title | Duty of care |
| 260 ## - PUBLICATION, DISTRIBUTION, ETC. | |
| Date of publication, distribution, etc. | 2012 |
| 490 ## - SERIES STATEMENT | |
| Series statement | Estates Gazette |
| Volume/sequential designation | (1234) 25 August 2012, 42-44(3) |
| 520 ## - SUMMARY, ETC. | |
| Summary, etc. | Considers the role of the property professional under the Control of Asbestos Regulations 2012 which came into force on 6 April 2012. These new regulations focus on meeting three obligations the European Commission ruled were missing from the previous rules. These are; the obligation for contractors to notify asbestos works to the responsible national authority, the obligation for contractors to ensure a prior health assessment is carried out on workers undertaking tasks with asbestos and the compulsion for employers to keep a register of the workers who are or may be exposed to asbestos at work. |
| 590 ## - LOCAL NOTE (RLIN) | |
| Local note | KA |
| 651 #4 - SUBJECT ADDED ENTRY--GEOGRAPHIC NAME | |
| Geographic name | United Kingdom |
| 690 ## - LOCAL SUBJECT ADDED ENTRY--TOPICAL TERM (OCLC, RLIN) | |
| Topical term or geographic name as entry element | Health and safety |
| 9 (RLIN) | 6244 |
| 690 ## - LOCAL SUBJECT ADDED ENTRY--TOPICAL TERM (OCLC, RLIN) | |
| Topical term or geographic name as entry element | Contamination |
| 9 (RLIN) | 6231 |
| 700 1# - ADDED ENTRY--PERSONAL NAME | |
| Personal name | Graham, Dominic |
| 942 ## - ADDED ENTRY ELEMENTS (KOHA) | |
| Suppress in OPAC | 0 |
| Withdrawn status | Lost status | Source of classification or shelving scheme | Damaged status | Not for loan | Home library | Current library | Shelving location | Date acquired | Total Checkouts | Full call number | Barcode | Date last seen | Copy number | Price effective from | Koha item type |
|---|---|---|---|---|---|---|---|---|---|---|---|---|---|---|---|
| Dewey Decimal Classification | London | London | Journal article | 30/08/2012 | L157101 | 157101-1001 | 06/08/2019 | 1 | 06/08/2019 | Journal article |